000 00385nam a22001457a 4500
005 20250318101225.0
008 250318b |||||||| |||| 00| 0 eng d
020 _a9781844742844
050 _aBV 639.7Y GAR
_b1
100 _aGARDNER, Jason
245 _aMend the Gap:
_bcan the church reconnect the generations?
260 _aEnglang
_bIVP
_c2008
300 _a218p
942 _2lcc
_cBK
_n0
999 _c4916
_d4916